IFM Opac

STUDY GUIDE FOR ADVANCED ACCOUNTACY (Record no. 20235)

MARC details
000 -LEADER
fixed length control field 00204nam a22000977a 4500
082 ## - DEWEY DECIMAL CLASSIFICATION NUMBER
Classification number 657.3
100 ## - MAIN ENTRY--PERSONAL NAME
Personal name FUMBUKA,L,G.
245 ## - TITLE STATEMENT
Title STUDY GUIDE FOR ADVANCED ACCOUNTACY
300 ## - PHYSICAL DESCRIPTION
Extent 279P.;30CM
942 ## - ADDED ENTRY ELEMENTS (KOHA)
Koha item type Books

No items available.